LIBRARY & INFORMATION CENTRE, KCAET, TAVANUR

ONLINE PUBLIC ACCESS CATALOGUE (OPAC)

Farm Power and Machinery Management (Record no. 14401)

MARC details
000 -LEADER
fixed length control field 00343nam a22001337a 4500
020 ## - INTERNATIONAL STANDARD BOOK NUMBER
ISBN 9789381714270
082 ## - DEWEY DECIMAL CLASSIFICATION NUMBER
Classification number 631.3068
Item number HUN/FA
100 ## - MAIN ENTRY--AUTHOR NAME
Personal name Hunt,Donnell
245 ## - TITLE STATEMENT
Title Farm Power and Machinery Management
250 ## - EDITION STATEMENT
Edition statement 10 th
260 ## - PUBLICATION, DISTRIBUTION, ETC. (IMPRINT)
Place of publication New Delhi
Name of publisher Medtec - Scientific International Pvt. Ltd.
Year of publication 2013
300 ## - PHYSICAL DESCRIPTION
Number of Pages 368
942 ## - ADDED ENTRY ELEMENTS (KOHA)
Koha item type Books
Holdings
Withdrawn status Lost status Damaged status Collection code Home library Current library Shelving location Date acquired Source of acquisition Cost, normal purchase price Full call number Accession Number Koha item type
        KAUAET KAUAET General Stacks 28/06/2016 Cosmo Book House, Thrissur. 895.00 631.306 HUN/FA 23982 Books
        KAUAET KAUAET General Stacks 25/07/2016 Southern Book Star, Tvm. 895.00 631.306 HUN/FA 24531 Books
        KAUAET KAUAET General Stacks 26/07/2016 Arunima Book Distributors,TVPM. 895.00 631.3068 HUN/FA 24570 Books
        KAUAET KAUAET Scheme 25/08/2016 Dream Tech Publishers & Book Sellers, Trivandrum. 995.00 631.3068 HUN/FA BB 361 Books
        KAUAET KAUAET Scheme 25/08/2016 Dream Tech Publishers & Book Sellers, Trivandrum. 995.00 631.3068 HUN/FA BB 362 Books
free website counter